000
00316 a2200145 4500
999
_c
12252
_d
12252
003
OSt
005
20231228160146.0
008
231228b ||||| |||| 00| 0 eng d
020
_a
9788957704554
082
_a
690.8314
100
_a
Daewoo
245
_a
Residential Buildings
260
_b
Archiworld
942
_2
ddc